000 01759nam0a2200373 4500
001 RU\NLR\bibl\1878195
005 20260405125639.0
010 _a978-5-2760-1991-8
_9100
021 _aRU
_b2012-11788
_9895
035 _a(nilc)RSL-KNO-005398409
035 _a(NLR Aleph) 001867985
090 _a2621992
_c2621992
100 _a20120227d2012 |||y0rusy50 ca
101 0 _arus
102 _aRU
105 _aa |||||||||
200 1 _aПовышение качества и производительности обработки зубчатых колес
_eмонография
_fВ. В. Клепиков, О. В. Таратынов, Б. М. Солоницын
_gМ-во образования и науки Российской Федерации, Московский гос. индустриальный ун-т
210 _aМосква
_cМГИУ
_d2012
215 _a322 с.
_cил., табл.
_d21
320 _aБиблиогр.: с. 314-322 (136 назв.)
606 1 _aШестерни
_xЗубья
_xОбработка
_91984433
_3RU\NLR\auth\661196381
606 1 _aШестерни
_xЗубья
_xКачество поверхности
_xВлияние обработки
_92465900
_3RU\NLR\auth\661464908
686 _aК630.014.55-1,0
_2rubbk
686 _aК500.145.55
700 1 _4070
_8rus
_7ca
_aКлепиков
_bВ. В.
_gВиктор Валентинович
_3RU\NLR\auth\7750925
_933859
701 1 _aТаратынов
_bО. В.
_gОлег Васильевич
_4070
701 1 _aСолоницын
_bБ. М.
_gБорис Михайлович
_4070
801 0 _aRU
_bRuMoRKP
_c20120227
_grcr
801 1 _aRU
_bРГБ
_c20120227
801 2 _aRU
_bNLR
_c20120311
_grcr
942 _cBOOK
980 _aNB
980 _aNBR